Central Library OPAC University of Rajshahi

লোক-সংস্কৃতির দর্পণে / (Record no. 59093)

MARC details
000 -LEADER
fixed length control field 00808nam a2200229 a 4500
001 - CONTROL NUMBER
control field 59093
003 - CONTROL NUMBER IDENTIFIER
rucl marc code BD-RjUL
005 - DATE AND TIME OF LATEST TRANSACTION
control field 20211209080707.0
008 - FIXED-LENGTH DATA ELEMENTS--GENERAL INFORMATION
fixed length control field 161221s1994 ii a|||| |||| 00| 0 ben d
020 ## - INTERNATIONAL STANDARD BOOK NUMBER
Terms of availability : Tk. 30.00
035 ## - SYSTEM CONTROL NUMBER
System control number (BD-RjUL)59217
040 ## - CATALOGING SOURCE
Original cataloging agency BD-RjUL
Language of cataloging ben
Transcribing agency BD-RjUL
041 ## - LANGUAGE CODE
Language code of text/sound track or separate title ben
082 ## - DEWEY DECIMAL CLASSIFICATION NUMBER
Edition number 23
Classification number 398.2
Author mark and year PAL 1994
100 ## - MAIN ENTRY--PERSONAL NAME
Personal name পাঠক, যোগেশ রঞ্জন
9 (RLIN) 175742
245 10 - TITLE STATEMENT
Title লোক-সংস্কৃতির দর্পণে /
Statement of responsibility, etc. যোগেশ রঞ্জন পাঠক
260 ## - PUBLICATION, DISTRIBUTION, ETC. (IMPRINT)
Place of publication, distribution, etc. কলিকাতা :
Name of publisher, distributor, etc. পুস্তক বিপণী,
Date of publication, distribution, etc. ১৯৯৪
300 ## - PHYSICAL DESCRIPTION
Pagination ৯৩ পৃ. :
Illustrations চিত্র ;
Size ২১ সেমি.
650 ## - SUBJECT ADDED ENTRY--TOPICAL TERM
Topical term or geographic name as entry element লোক সংস্কৃতি
9 (RLIN) 175743
Topical term or geographic name as entry element Folk Literature
9 (RLIN) 175744
942 ## - ADDED ENTRY ELEMENTS (KOHA)
Source of classification or shelving scheme Dewey Decimal Classification
Koha item type Books
Holdings
Lost status Source of classification or shelving scheme Damaged status Not for loan Collection code Permanent Location Current Location Shelving location Date acquired Source of acquisition Total Checkouts Full call number Date last seen Copy number Koha item type
  Dewey Decimal Classification   Not For Loan Non-fiction Central Library, University of Rajshahi Central Library, University of Rajshahi Reading Room 12/07/2006 Paragogn Enterprise, Dhaka   B 398.2 PAL 1994 21/12/2016 C-1 Books